MARC

Tag First Indicator Second Indicator Subfields
LEADER 00000cam a22000001i 4500
001 in00004127021
005 20200117100702.0
006 m d f
007 cr bn mmmapmmp
008 160722s2016 mdu o f000 0 eng d
035 |a chdc20160530 
040 |a UMI  |b eng  |e rda  |c UMI  |d UtOrBLW 
043 |a n-us--- 
086 0 |a Y 4.AP 6/1:IN 8/6/2017/ 
099 |a HRG-2016-HAP-0019 
099 |a HRG-2016-HAP-0040 
099 |a HRG-2016-HAP-0041 
099 |a HRG-2016-HAP-0020 
099 |a HRG-2016-HAP-0021 
099 |a HRG-2016-HAP-0042 
099 |a HRG-2016-HAP-0003 
099 |a HRG-2016-HAP-0022 
099 |a HRG-2016-HAP-0002 
110 1 |a United States.  |b Congress.  |b House.  |b Committee on Appropriations.  |b Subcommittee on Interior, Environment, and Related Agencies.  |0 http://id.loc.gov/authorities/names/n2005026295 
245 1 0 |a Interior, Environment, and Related Agencies Appropriations for 2017. 
264 1 |a Bethesda, Md. :  |b ProQuest,  |c 2016. 
300 |a volumes, digital, PDF file. 
336 |a text  |2 rdacontent  |b txt 
337 |a computer  |b c  |2 rdamedia 
338 |a online resource  |2 rdacarrier  |b cr 
500 |a Record is based on bibliographic data in ProQuest U.S. Congressional Hearings Digital Collection. Reuse except for individual research requires license from ProQuest, LLC. 
533 |a Electronic reproduction.  |b [Bethesda, Md.] :  |c ProQuest,  |d 2016.  |e digital, PDF file.  |n ProQuest Congressional Hearings Digital Collection.  |n Mode of access: World Wide Web via ProQuest website. 
538 |a System requirements: PDF reader software. 
610 1 0 |a United States.  |b Department of the Interior  |x Appropriations and expenditures. 
610 1 0 |a United States.  |b Environmental Protection Agency  |x Appropriations and expenditures. 
650 0 |a Budget  |z United States.  |0 http://id.loc.gov/authorities/subjects/sh85017604 
776 0 8 |i Microfiche version:   |a United States. Congress. House. Committee on Appropriations. Subcommittee on Interior, Environment, and Related Agencies.  |t Interior, Environment, and Related Agencies Appropriations for 2017.  |o CIS 2016 H181-27 (pt.1)  |o CIS 2016 H181-28 (pt.2)  |o CIS 2016 H181-41 (pt.3a)  |o CIS 2016 H181-42 (pt.3b)  |o CIS 2016 H181-29 (pt.4a)  |o CIS 2016 H181-30 (pt.4b)  |o CIS 2016 H181-43 (pt.5)  |o CIS 2016 H181-10 (pt.6)  |o CIS 2016 H181-31 (pt.7)  |o CIS 2016 H181-11 (pt.8)  |w cis20161764 
856 4 0 |u http://proxy.library.tamu.edu/login?url=http://search.proquest.com/congcomp/getdoc?HEARING-ID=HRG-2016-HAP-0018  |y Electronic resource (PDF)  |z CIS 2016 H181-27 (pt.1)  |t 0 
856 4 0 |u http://search.proquest.com/congcomp/getdoc?HEARING-ID=HRG-2016-HAP-0019  |y Electronic resource (PDF)  |z CIS 2016 H181-28 (pt.2)  |t 0 
856 4 0 |u http://search.proquest.com/congcomp/getdoc?HEARING-ID=HRG-2016-HAP-0040  |y Electronic resource (PDF)  |z CIS 2016 H181-41 (pt.3a)  |t 0 
856 4 0 |u http://search.proquest.com/congcomp/getdoc?HEARING-ID=HRG-2016-HAP-0041  |y Electronic resource (PDF)  |z CIS 2016 H181-42 (pt.3b)  |t 0 
856 4 0 |u http://search.proquest.com/congcomp/getdoc?HEARING-ID=HRG-2016-HAP-0020  |y Electronic resource (PDF)  |z CIS 2016 H181-29 (pt.4a)  |t 0 
856 4 0 |u http://search.proquest.com/congcomp/getdoc?HEARING-ID=HRG-2016-HAP-0021  |y Electronic resource (PDF)  |z CIS 2016 H181-30 (pt.4b)  |t 0 
856 4 0 |u http://search.proquest.com/congcomp/getdoc?HEARING-ID=HRG-2016-HAP-0042  |y Electronic resource (PDF)  |z CIS 2016 H181-43 (pt.5)  |t 0 
856 4 0 |u http://search.proquest.com/congcomp/getdoc?HEARING-ID=HRG-2016-HAP-0003  |y Electronic resource (PDF)  |z CIS 2016 H181-10 (pt.6)  |t 0 
856 4 0 |u http://search.proquest.com/congcomp/getdoc?HEARING-ID=HRG-2016-HAP-0022  |y Electronic resource (PDF)  |z CIS 2016 H181-31 (pt.7)  |t 0 
856 4 0 |u http://search.proquest.com/congcomp/getdoc?HEARING-ID=HRG-2016-HAP-0002  |y Electronic resource (PDF)  |z CIS 2016 H181-11 (pt.8)  |t 0 
998 |a cis20161764 
999 f f |s d462dc63-ef00-37c5-bc61-b668a6b105ba  |i cae7f100-6962-3e37-80e7-69c4e3aafa7c  |t 0 
952 f f |a Texas A&M University  |b College Station  |c Electronic Resources  |d Available Online  |t 0  |e Y 4.AP 6/1:IN 8/6/2017/  |h Superintendent of Documents classification 
998 f f |a Y 4.AP 6/1:IN 8/6/2017/  |t 0  |l Available Online